North American Countries Mix-Up Quiz Stats

 Plays Quiz Updated Dec 22, 2017

Challenge
Share
Tweet
Score 0/11 Timer 03:00
5 Plays Today
% Correct
Dominican Rica
98.4%
The United Nevis
97.4%
Trinidad and Barbuda
97.4%
Haico
96.4%
Nicaremala
96.2%
Saint Vincent and Salvador
95.8%
Barbaica
95%
Grenama
94.2%
Saint Duras
93%
Canaze
91.8%
Bahaba
91.7%

You're not logged in!

Compare scores with friends on all Sporcle quizzes.
Join for Free
OR
Log In

You Might Also Like...

Show Comments

Extras

Top Quizzes Today


Score Distribution

Your Account Isn't Verified!

In order to create a playlist on Sporcle, you need to verify the email address you used during registration. Go to your Sporcle Settings to finish the process.

Report this User

Report this user for behavior that violates our Community Guidelines.

Details: